| 000 | 00981nam a2200265 4500 | ||
|---|---|---|---|
| 003 | OSt | ||
| 005 | 20240618031647.0 | ||
| 006 | a | ||
| 008 | 240618b |||||||| |||| 00| 0 eng d | ||
| 020 | _a999873001 | ||
| 040 |
_aDWCL-Main lib. _cOC |
||
| 082 | _aCirc. 025.82 G946d 1999 | ||
| 110 | _aASEAN Committee on Culture and Information | ||
| 245 | _aGuidelines on the principles of emergency planning and disaster management for museums, libraries and archives / | ||
| 260 |
_aBrunei Darussalam : _bASEAN Committee on Culture and Information, _cc1999. |
||
| 300 |
_axiv, _b42 p. : ill. ; _c22 cm. |
||
| 504 | _aIncludes appendix & references. | ||
| 650 | _a1. Libraries–Safety measure. | ||
| 650 | _a2. Libraries–ASEAN–Safety measures. | ||
| 650 | _a3. Archives–Safety measures. | ||
| 650 | _a4. Museums–Safety measures. | ||
| 650 | _a5. Emergency management. | ||
| 710 | _aASEAN Committee on Culture and Information | ||
| 942 |
_2ddc _n0 _cBK-CIRC _kCirc. |
||
| 999 |
_c804 _d804 |
||